000 00734nam a2200241Ia 4500
003 OSt
005 20220923225146.0
006 a|||||r|||| 00| 0
007 ta
008 Pun
024 _a258,858
037 _cTextual
040 _aARTS
_cARTS
_bPun
041 _2Pun
_aPun
082 _aO153:g, N8
100 _aਸਿੱਘ, ਬ੍ਰਹਸਜਗਦੀF
245 0 _aਸਮਾਲੋਚਨਾ ਅਤੇ ਪੰਜਾਬੀ ਸਮਾਲੋਚਨਾ
260 _aਅੰਮ੍ਰਿਤਸਰ
_b ਵਾਰਿਸ Fਾਹ
_c1998
300 _a248ਪੰ
_ccm.
650 _aਪੰਜਾਬੀ ਸਾਹਿਤ
942 _hO153:g, N8
_cTEXL
_2CC
999 _c376452
_d376452